| 000 | 00870cac a2200253 a 4500 | ||
|---|---|---|---|
| 003 | CO-PeBPM | ||
| 005 | 20251112193356.0 | ||
| 008 | 231129s1996||||ck ||||||||||||| ||spa|| | ||
| 020 | _a9567655006 | ||
| 040 |
_aCO-PeBPM _bspa _cCO-PeBPM _erda |
||
| 041 | _aspa | ||
| 082 | 0 | 4 |
_a158 X7m _222 |
| 100 | 1 |
_aXolhar, Suryavan _eautor |
|
| 245 | 1 | 0 |
_aManual para triunfadores _b: Ecología de la mente y el arte de triunfar en los 2000 _c/ Suryavan Xolhar |
| 250 | _aSegunda edición | ||
| 260 |
_aSantiago-Chile _b: Ediciones Águila Dorada _c1996 |
||
| 300 |
_a128 páginas _c19 centimetros |
||
| 500 | _aIncluye índice | ||
| 650 | 1 | 4 |
_a Autoestima _2LEMB |
| 650 | 1 | 4 |
_aAutorrealización (Psicología) _2LEMB |
| 650 | 1 | 4 |
_a Éxito _2LEMB |
| 942 |
_2ddc _cBK |
||
| 999 |
_c20540 _d20540 |
||